Japan's imperial diplomacy (Record no. 1319373)

MARC details
000 -LEADER
fixed length control field 00634nam a2200205Ia 4500
005 - DATE AND TIME OF LATEST TRANSACTION
control field 20250507130400.0
008 - FIXED-LENGTH DATA ELEMENTS--GENERAL INFORMATION
fixed length control field 008 250505s9999 xx 000 0 eng d
020 ## - INTERNATIONAL STANDARD BOOK NUMBER
International Standard Book Number 0-8248-2062-2
037 ## - SOURCE OF ACQUISITION
Stock number Annuals, Advances
040 ## - CATALOGING SOURCE
Original cataloging agency EASL
Language of cataloging eng
Transcribing agency EASL
041 ## - LANGUAGE CODE
Language code of text/sound track or separate title eng
Source of code eng
084 ## - COLON CLASSIFICATION NUMBER
Classification number V41:1942.N3<-M9, P0
Assigning agency EASL
100 ## - MAIN ENTRY--PERSONAL NAME
Personal name Brooks Barbara J Au.
9 (RLIN) 665971
245 #0 - TITLE STATEMENT
Title Japan's imperial diplomacy
260 ## - PUBLICATION, DISTRIBUTION, ETC.
Place of publication, distribution, etc. USA
Name of publisher, distributor, etc. Hawaii Hawaii University Press
Date of publication, distribution, etc. 2000
300 ## - PHYSICAL DESCRIPTION
Extent 296p.
650 ## - SUBJECT ADDED ENTRY--TOPICAL TERM
Topical term or geographic name entry element Japan-Foriegn-Relations-China
9 (RLIN) 665972
942 ## - ADDED ENTRY ELEMENTS (KOHA)
Koha item type Textual
Classification part V41:1942.N3<-M9, P0

No items available.

Copyright @ Delhi University Library System